Internal audit in a central bank

Saved in:
Bibliographic Details
Main Author: Scott, Christopher
Format: Book
Language:English
Published: London Bank of England 1996
Series:Handbooks in Central Banking No. 4
Subjects:
Tags: Add Tag
No Tags, Be the first to tag this record!

MARC

LEADER 00000nam a2200000 4500
001 c125139
005 20221221082712.0
020 |a 1-85730-044-0 
041 0 |a eng 
044 |a GB 
245 1 0 |a Internal audit in a central bank  |c Christopher Scott 
264 1 |a London  |b Bank of England  |c 1996 
300 |a 33 s. 
490 1 |a Handbooks in Central Banking  |v No. 4 
830 0 |a Handbooks in Central Banking  |v No. 4 
610 2 0 |a banky 
610 2 0 |a bankovníctvo 
610 2 0 |a banky centrálne 
610 2 0 |a audit interný 
610 2 0 |a riziko 
610 2 0 |a kontrola 
610 2 0 |a komunikácia 
100 1 |a Scott, Christopher